| 000 | 01028nas a2200337 4500 | ||
|---|---|---|---|
| 001 | BR0604508 | ||
| 003 | BR-BrBNA | ||
| 005 | 20231205110422.0 | ||
| 007 | ta | ||
| 008 | 230509b bl.|||p| |||| 00| 00por d | ||
| 040 |
_aBR-BrBNA _bpor _cBiblioteca Nacional de Agricultura |
||
| 041 | _a(Pt) | ||
| 072 | _aQ54; L02 | ||
| 100 | 1 | _aFreitas, A.C. de | |
| 100 | 1 | _aFuentes, M. de F.F. | |
| 100 | 1 | _aFreitas, E.R. | |
| 100 | 1 | _aSucupira, F.S. | |
| 100 | 1 | _aOliveira, B.C.M. de | |
| 100 | 1 | _aEspíndola, G.B. | |
| 245 | 1 | _aNíveis de proteína bruta e energia metabolizável na ração para codornas de corte | |
| 650 | _aCODORNA | ||
| 650 | _aRAÇÃO | ||
| 650 | _aPROTEÍNA BRUTA | ||
| 650 | _aCONVERSÃO ALIMENTAR | ||
| 650 | _aCONSUMO | ||
| 650 | _aCOMPOSIÇÃO DE ALIMENTO | ||
| 650 | _aGANHO DE PESO | ||
| 773 | 0 |
_tRevista Brasileira de Zootecnia (Brazil) _xISSN 1516-3598 _g(Jul-Aug 2006), v. 35(4)Suplemento p. 1705-1710 _wBR0604508 |
|
| 909 |
_a202311 _bLúcia _c55 _dLúcia Elande |
||
| 942 |
_2AGRIS _n0 _cANA |
||
| 999 |
_c187318 _d187318 |
||